Los sistemas fiscales y el mercado común
Uloženo v:
| Hlavní autor: | |
|---|---|
| Médium: | Kniha |
| Jazyk: | španělština |
| Vydáno: |
Buenos Aires
INTAL
1966
|
| Témata: | |
| Tagy: |
Přidat tag
Žádné tagy, Buďte první, kdo vytvoří štítek k tomuto záznamu!
|
MARC
| LEADER | 00000nam a2200000 a 4500 | ||
|---|---|---|---|
| 001 | UCT7734 | ||
| 003 | CL-VaPUC | ||
| 008 | 970317e19660000AG |||||||||||||||||spa|d | ||
| 082 | 0 | 4 | |a 336.3 |b REB |2 21 |
| 100 | 0 | |a Reboud, Louis |e author |9 378789 | |
| 245 | 1 | 4 | |a Los sistemas fiscales y el mercado común |
| 300 | |a 554 p | ||
| 942 | |c BK | ||
| 945 | |d 19970317 00:00:00 |a nastorga | ||
| 260 | |a Buenos Aires |b INTAL |c 1966 | ||
| 650 | 0 | |a Política fiscal |9 317354 | |
| 650 | 0 | |a Mercado común |9 378790 | |
| 650 | 7 | |a PRESUPUESTO |2 CL-VaPUC |9 306206 | |
| 650 | 0 | |a Macroeconomía |9 260301 | |
| 650 | 0 | |a Desarrollo económico y social |9 256320 | |
| 650 | 0 | |a Balanza de pagos |9 316476 | |
| 650 | 0 | |a Precios |9 260787 | |
| 650 | 0 | |a Impuestos |9 255450 | |
| 650 | 0 | |a Salarios |9 255321 | |
| 650 | 7 | |a RENTAS |2 CL-VaPUC |9 324806 | |
| 650 | 7 | |a GASTOS |2 CL-VaPUC |9 357995 | |
| 583 | |a last modification |c 19970317 00:00:00 |k Rodrigo Vera | ||
| 999 | |c 256282 |d 256280 | ||
| 952 | |0 0 |1 0 |4 0 |6 336_300000000000000_REB_1966 |7 0 |8 A |9 278943 |a BIBDER |b BIBDER |d 2019-11-19 |i 1810448 |o 336.3 REB 1966 |p 1810448 |r 2023-01-25 |w 2019-11-19 |y BK |k DER | ||